[Event "Las Vegas Millionaire op"]
[Site "Las Vegas"]
[Date "2014.10.11"]
[Round "6"]
[White "Milman, Lev"]
[Black "Wang, Qibiao"]
[Result "1-0"]
[WhiteElo "2427"]
[BlackElo "2174"]
[PlyCount "85"]
[EventDate "2014.10.09"]
[EventType "swiss"]
[EventRounds "9"]
[EventCountry "USA"]
[SourceTitle "CBM 162 Extra"]
[Source "ChessBase"]
[SourceDate "2014.10.17"]
[SourceVersion "1"]
[SourceVersionDate "2014.10.17"]
[SourceQuality "1"]

1. d4 Nf6 2. c4 g6 3. Nc3 Bg7 4. e4 d6 5. Nf3 0-0 6. Be2 e5 7. 0-0 Na6 8. Be3 c6 9. d5 Ng4 10. Bg5 f6 11. Bh4 g5 12. Bg3 Nh6 13. c5 Nxc5 14. b4 Nxe4 15. Nxe4 Nf7 16. Rc1 g4 17. Nh4 f5 18. Nc3 f4 19. Bxg4 fxg3 20. hxg3 Ng5 21. Bxc8 Rxc8 22. Qg4 Rc7 23. f4 exf4 24. gxf4 Rcf7 25. g3 cxd5 26. Nxd5 Ne4 27. Rfe1 Nf6 28. Nxf6+ Qxf6 29. Nf3 Qb2 30. Ng5 Rf6 31. Rc7 Rg6 32. Qe2 Qd4+ 33. Kg2 Qd5+ 34. Qe4 Qxa2+ 35. Re2 Qb3 36. Rxb7 d5 37. Qe7 d4 38. Rd7 h6 39. Qe4 Rff6 40. Rd8+ Bf8 41. Rxf8+ Kxf8 42. Qe8+ Kg7 43. Re7+ 1-0

[Event "USA tt"]
[Site "ICC INT"]
[Date "2012.09.19"]
[Round "3"]
[White "Yedidia, Jonathan"]
[Black "Milman, Lev"]
[Result "0-1"]
[WhiteElo "2391"]
[BlackElo "2441"]
[PlyCount "126"]
[EventDate "2012.09.04"]
[EventType "team-tourn"]
[EventRounds "10"]
[EventCountry "USA"]
[SourceTitle "CBM 150 Extra"]
[Source "ChessBase"]
[SourceDate "2012.10.19"]
[SourceVersion "1"]
[SourceVersionDate "2012.10.19"]
[SourceQuality "1"]
[WhiteTeam "New England"]
[BlackTeam "Manhattan"]
[WhiteTeamCountry "USA"]
[BlackTeamCountry "USA"]

1. d4 Nf6 2. c4 e6 3. Nc3 Bb4 4. e3 0-0 5. Bd3 d5 6. Nf3 b6 7. 0-0 Bb7 8. cxd5 exd5 9. a3 Bd6 10. b4 Nbd7 11. Qb3 a6 12. a4 Qe7 13. b5 axb5 14. Nxb5 c5 15. Nxd6 Qxd6 16. Ba3 Bc6 17. Bb5 Ra5 18. Rfc1 Rfa8 19. dxc5 bxc5 20. Bb4 R5a7 21. Nd4 Bxb5 22. Nxb5 Qb6 23. Bc3 Ra6 24. h3 h6 25. Qd1 Qc6 26. Bb2 Ne4 27. Qg4 Ndf6 28. Qd1 Ne8 29. Be5 Qe6 30. Bf4 c4 31. Rcb1 Nc5 32. Nd4 Qd7 33. a5 Rxa5 34. Rxa5 Rxa5 35. Rb8 Kh7 36. Qb1+ Nd3 37. Nf3 Nf6 38. Rb7 Ra1 39. Qxa1 Qxb7 40. Be5 Ne8 41. Bd4 f6 42. Nh4 Nd6 43. Bxf6 Qf7 44. Be5 Qxf2+ 45. Kh2 Qxh4 46. Bxd6 Qf6 47. Qa3 Qe6 48. Bc5 Qe5+ 49. Kh1 Qg3 50. Bd6 Nf2+ 51. Kg1 Nxh3+ 52. Kh1 Qe1+ 53. Kh2 Nf2 54. Bb4 Qh1+ 55. Kg3 Ne4+ 56. Kf4 Qxg2 57. Ke5 Ng3 58. Ke6 Qe4+ 59. Kf7 Qg6+ 60. Kf8 Qf6+ 61. Ke8 Qe6+ 62. Kf8 Nf5 63. Qa7 Qg8# 0-1

[Event "Lubbock SPICE Cup-B 5th"]
[Site "Lubbock"]
[Date "2011.10.19"]
[Round "8"]
[White "Sevillano, Enrico"]
[Black "Milman, Lev"]
[Result "1-0"]
[WhiteElo "2490"]
[BlackElo "2452"]
[PlyCount "111"]
[EventDate "2011.10.15"]
[EventType "tourn"]
[EventRounds "9"]
[EventCountry "USA"]
[EventCategory "10"]
[SourceTitle "CBM 144 Extra"]
[Source "ChessBase"]
[SourceDate "2011.10.28"]
[SourceVersion "1"]
[SourceVersionDate "2011.10.28"]
[SourceQuality "1"]

1. e4 c5 2. c3 Nf6 3. e5 Nd5 4. Nf3 d6 5. d4 cxd4 6. Qxd4 e6 7. Nbd2 a6 8. Nc4 Nc6 9. Qe4 dxe5 10. Ncxe5 Nxe5 11. Nxe5 Bd6 12. g3 Qc7 13. Nc4 Be7 14. Bg2 b5 15. Ne3 Bb7 16. 0-0 0-0 17. Re1 Rad8 18. Ng4 Ba8 19. Qe2 Rc8 20. Bd2 Rfd8 21. a4 Nb6 22. Bxa8 Rxa8 23. axb5 axb5 24. Rxa8 Nxa8 25. Bf4 Qc6 26. Qe5 Rc8 27. h4 Nb6 28. h5 Nc4 29. Qe2 f5 30. Ne5 Nxe5 31. Bxe5 Qc4 32. Qe3 Kf7 33. Qa7 Qc5 34. Qa2 Qc4 35. b3 Qc6 36. Qe2 Rd8 37. c4 bxc4 38. bxc4 Bb4 39. Rb1 Rd2 40. Qe3 Qxc4 41. Qg5 Qc5 42. Qxg7+ Ke8 43. Qg8+ Kd7 44. Qxh7+ Kc6 45. Qc7+ Kd5 46. Rf1 Qxc7 47. Bxc7 Bc5 48. h6 Bd4 49. h7 Bf6 50. Bf4 Rd3 51. Rb1 Ke4 52. Kg2 Rd8 53. Re1+ Kd5 54. Rd1+ Bd4 55. Bg5 Rf8 56. Bf6 1-0

[Event "Lubbock SPICE Cup-B 5th"]
[Site "Lubbock"]
[Date "2011.10.18"]
[Round "7"]
[White "Milman, Lev"]
[Black "Molner, Mackenzie"]
[Result "1/2-1/2"]
[WhiteElo "2452"]
[BlackElo "2453"]
[PlyCount "53"]
[EventDate "2011.10.15"]
[EventType "tourn"]
[EventRounds "9"]
[EventCountry "USA"]
[EventCategory "10"]
[SourceTitle "CBM 144 Extra"]
[Source "ChessBase"]
[SourceDate "2011.10.28"]
[SourceVersion "1"]
[SourceVersionDate "2011.10.28"]
[SourceQuality "1"]

1. e4 c5 2. Nf3 d6 3. d4 cxd4 4. Nxd4 Nf6 5. Nc3 a6 6. h3 e6 7. g4 Be7 8. g5 Nfd7 9. h4 b5 10. a3 Bb7 11. Be3 Nb6 12. Qd2 N8d7 13. 0-0-0 Ne5 14. f4 Nec4 15. Qe1 Rc8 16. Bf2 Qc7 17. Rh3 d5 18. exd5 Qxf4+ 19. Kb1 Nxd5 20. Nxd5 Bxd5 21. Bd3 0-0 22. Qe2 Bc5 23. Bg3 Qe3 24. Bxc4 Bxd4 25. Qxe3 Bxe3 26. Bxd5 exd5 27. Be5 1/2-1/2

[Event "Lubbock SPICE Cup-B 5th"]
[Site "Lubbock"]
[Date "2011.10.16"]
[Round "3"]
[White "Mogranzini, Roberto"]
[Black "Milman, Lev"]
[Result "1/2-1/2"]
[WhiteElo "2439"]
[BlackElo "2452"]
[PlyCount "25"]
[EventDate "2011.10.15"]
[EventType "tourn"]
[EventRounds "9"]
[EventCountry "USA"]
[EventCategory "10"]
[SourceTitle "CBM 144 Extra"]
[Source "ChessBase"]
[SourceDate "2011.10.28"]
[SourceVersion "1"]
[SourceVersionDate "2011.10.28"]
[SourceQuality "1"]

1. c4 Nf6 2. g3 e5 3. Bg2 Bc5 4. Nc3 Nc6 5. Nf3 d6 6. 0-0 0-0 7. d3 h6 8. a3 a5 9. b3 Nd4 10. e3 Nxf3+ 11. Bxf3 c6 12. d4 Bb6 13. Bb2 1/2-1/2

[Event "USA tt"]
[Site "ICC INT"]
[Date "2011.08.29"]
[Round "1"]
[White "Milman, Lev"]
[Black "Erenburg, Sergey"]
[Result "1-0"]
[WhiteElo "2452"]
[BlackElo "2616"]
[PlyCount "81"]
[EventDate "2011.08.29"]
[EventType "team-tourn"]
[EventRounds "10"]
[EventCountry "USA"]
[SourceTitle "CBM 144 Extra"]
[Source "ChessBase"]
[SourceDate "2011.10.28"]
[SourceVersion "1"]
[SourceVersionDate "2011.10.28"]
[SourceQuality "1"]
[WhiteTeam "Manhattan Applesauce"]
[BlackTeam "Philadelphia Inventors"]
[WhiteTeamCountry "USA"]
[BlackTeamCountry "USA"]

1. d4 d5 2. c4 c6 3. Nf3 Nf6 4. Nc3 e6 5. Bg5 h6 6. Bxf6 Qxf6 7. e3 g6 8. Bd3 Bg7 9. 0-0 0-0 10. e4 dxe4 11. Nxe4 Qe7 12. c5 b6 13. b4 a5 14. a3 Nd7 15. Re1 Ba6 16. Rb1 axb4 17. axb4 Bxd3 18. Qxd3 Nf6 19. Ne5 bxc5 20. dxc5 Nxe4 21. Nxc6 Qb7 22. Qxe4 Ra4 23. Qf3 Qb5 24. Red1 Kh8 25. h4 Ra6 26. Rd6 Qc4 27. Na5 Qa2 28. Rbd1 Ra7 29. g3 Rc7 30. Rd8 Rxd8 31. Rxd8+ Kh7 32. Kg2 Qa4 33. Rb8 Be5 34. h5 Qc2 35. Nc6 Bg7 36. Nd8 Qf5 37. Qxf5 gxf5 38. c6 Be5 39. b5 Kg7 40. b6 Re7 41. Rb7 1-0

[Event "Berkeley op"]
[Site "Berkeley"]
[Date "2011.01.02"]
[Round "1"]
[White "Milman, Lev"]
[Black "Troff, Kayden W"]
[Result "1-0"]
[WhiteElo "2467"]
[BlackElo "2247"]
[PlyCount "97"]
[EventDate "2011.01.02"]
[EventType "swiss"]
[EventRounds "10"]
[EventCountry "USA"]
[SourceTitle "CBM 140 Extra"]
[Source "ChessBase"]
[SourceDate "2011.03.01"]
[SourceVersion "1"]
[SourceVersionDate "2011.03.01"]
[SourceQuality "1"]

1. d4 Nf6 2. c4 g6 3. Nc3 d5 4. Bf4 Bg7 5. e3 c5 6. dxc5 Qa5 7. Rc1 dxc4 8. Bxc4 Qxc5 9. Qb3 0-0 10. Nb5 Be6 11. Nc7 Ne4 12. Nf3 Qa5+ 13. Ke2 Bg4 14. Rhd1 e5 15. Nxa8 exf4 16. Qxb7 Nc5 17. Qb5 Qxb5 18. Bxb5 Ne4 19. Rc4 Bf5 20. exf4 Bxb2 21. g4 Nc3+ 22. Rxc3 Bxc3 23. gxf5 Ba5 24. fxg6 fxg6 25. Rc1 a6 26. Ba4 Rxf4 27. Rc8+ Kg7 28. Bb3 Nd7 29. Nc7 Re4+ 30. Kf1 Nf6 31. h3 Kh6 32. Nxa6 Rf4 33. Kg2 Nh5 34. Rc5 Bb6 35. Rc6 Ba7 36. Nc5 Bb8 37. Rc8 Bd6 38. Nd3 Rf6 39. Nfe5 Bxe5 40. Nxe5 Nf4+ 41. Kh2 Rf5 42. Rc5 Kg7 43. Rc7+ Kf6 44. Ng4+ Kg5 45. Rxh7 Ne2 46. Bc4 Nd4 47. Rf7 Rc5 48. f4+ Kh4 49. Ne5 1-0

[Event "North American op 19th"]
[Site "Las Vegas"]
[Date "2009.12.29"]
[Round "6"]
[White "Cherniack, Alex"]
[Black "Milman, Lev"]
[Result "0-1"]
[WhiteElo "2215"]
[BlackElo "2474"]
[PlyCount "106"]
[EventDate "2009.12.26"]
[EventType "swiss"]
[EventRounds "7"]
[EventCountry "USA"]
[SourceTitle "CBM 134 Extra"]
[Source "ChessBase"]
[SourceDate "2010.03.03"]
[SourceVersion "1"]
[SourceVersionDate "2010.03.03"]
[SourceQuality "1"]

1. e4 c5 2. Nf3 d6 3. Bb5+ Bd7 4. Bxd7+ Qxd7 5. 0-0 g6 6. c3 Bg7 7. d4 Nf6 8. Re1 0-0 9. Bg5 cxd4 10. cxd4 d5 11. Bxf6 Bxf6 12. e5 Bg7 13. Nc3 Nc6 14. Rc1 Rac8 15. h4 e6 16. h5 Ne7 17. Qd2 b5 18. Ne2 Rxc1 19. Nxc1 Rb8 20. Nd3 Qc7 21. Rc1 Qd8 22. Qf4 Nf5 23. g4 Bh6 24. g5 Bf8 25. hxg6 hxg6 26. b4 a5 27. a3 axb4 28. axb4 Ra8 29. Nc5 Ra2 30. Rb1 Rc2 31. Ra1 Rb2 32. Nh4 Nxh4 33. Qxh4 Rxb4 34. Nd3 Ra4 35. Rd1 Be7 36. Kg2 Bxg5 37. Qg4 Bh6 38. Nc5 Ra7 39. f4 Bf8 40. Nxe6 fxe6 41. Qxe6+ Kg7 42. Rh1 Qe7 43. Qxd5 Qb7 44. Qxb7+ Rxb7 45. Rb1 b4 46. Rb3 Ra7 47. Rb1 Rd7 48. Rd1 b3 49. d5 b2 50. Rb1 Ba3 51. d6 Kf7 52. Kf3 Rb7 53. Ke4 Ke6 0-1

[Event "Mesa Copper State op"]
[Site "Mesa"]
[Date "2009.06.01"]
[Round "6"]
[White "Atoufi, Pedram"]
[Black "Milman, Lev"]
[Result "0-1"]
[WhiteElo "2306"]
[BlackElo "2462"]
[PlyCount "66"]
[EventDate "2009.05.29"]
[EventType "swiss"]
[EventRounds "10"]
[EventCountry "USA"]
[SourceTitle "CBM 130 Extra"]
[Source "ChessBase"]
[SourceDate "2009.07.02"]
[SourceVersion "2"]
[SourceVersionDate "2009.07.15"]
[SourceQuality "1"]

1. e4 c5 2. Nf3 d6 3. d4 cxd4 4. Nxd4 Nf6 5. Nc3 a6 6. Be2 e5 7. Nb3 Be7 8. 0-0 0-0 9. Kh1 b6 10. f4 Bb7 11. Bf3 Nbd7 12. Qe1 Rc8 13. f5 Re8 14. Bg5 b5 15. a3 Nb6 16. Na5 Ba8 17. Rd1 Qc7 18. Rf2 h6 19. Bc1 Rcd8 20. Re2 d5 21. exd5 b4 22. axb4 Bxb4 23. Qg3 Kh7 24. Re4 Nbxd5 25. Nxd5 Bxd5 26. Rxb4 Qxa5 27. Rh4 Bxf3 28. Qxf3 e4 29. Qe2 Rxd1+ 30. Qxd1 e3 31. c3 Qxf5 32. Bxe3 Rxe3 33. h3 Qe5 0-1

[Event "Mesa Copper State op"]
[Site "Mesa"]
[Date "2009.06.01"]
[Round "7"]
[White "Barcenilla, Rogelio"]
[Black "Milman, Lev"]
[Result "1-0"]
[WhiteElo "2503"]
[BlackElo "2462"]
[PlyCount "79"]
[EventDate "2009.05.29"]
[EventType "swiss"]
[EventRounds "10"]
[EventCountry "USA"]
[SourceTitle "CBM 130 Extra"]
[Source "ChessBase"]
[SourceDate "2009.07.02"]
[SourceVersion "2"]
[SourceVersionDate "2009.07.15"]
[SourceQuality "1"]

1. e4 c5 2. c4 Nc6 3. Nc3 g6 4. g3 Bg7 5. Bg2 d6 6. d3 Nf6 7. Nge2 a6 8. a4 Rb8 9. 0-0 0-0 10. h3 Ne8 11. Be3 Nc7 12. d4 cxd4 13. Nxd4 Ne6 14. Nde2 Nc5 15. Rb1 f5 16. exf5 Bxf5 17. b4 Nd7 18. Rb3 Nf6 19. g4 Bd7 20. a5 Kh8 21. f4 Qe8 22. Bb6 Be6 23. Nd5 Bg8 24. b5 Nd8 25. bxa6 bxa6 26. Re3 Nxd5 27. cxd5 Nb7 28. Nd4 Rc8 29. Rfe1 Rc4 30. Rxe7 Qa4 31. Qxa4 Rxa4 32. Nc6 Nc5 33. Bxc5 dxc5 34. d6 Ra2 35. R7e2 Rxe2 36. Rxe2 Bc4 37. Rc2 Bb5 38. Rxc5 Bxc6 39. Rxc6 Rxf4 40. Rc8+ 1-0

[Event "Mesa Copper State op"]
[Site "Mesa"]
[Date "2009.05.30"]
[Round "3"]
[White "Milman, Lev"]
[Black "Becerra Rivero, Julio"]
[Result "1/2-1/2"]
[WhiteElo "2462"]
[BlackElo "2609"]
[PlyCount "47"]
[EventDate "2009.05.29"]
[EventType "swiss"]
[EventRounds "10"]
[EventCountry "USA"]
[SourceTitle "CBM 130 Extra"]
[Source "ChessBase"]
[SourceDate "2009.07.02"]
[SourceVersion "2"]
[SourceVersionDate "2009.07.15"]
[SourceQuality "1"]

1. e4 e5 2. Nf3 Nc6 3. Bb5 a6 4. Ba4 Nf6 5. 0-0 Be7 6. Re1 b5 7. Bb3 d6 8. c3 0-0 9. h3 Nb8 10. d3 Nbd7 11. Nbd2 h6 12. Nf1 Re8 13. Ne3 Bf8 14. Nh2 Bb7 15. Nhg4 g6 16. Nxf6+ Nxf6 17. Qf3 Qe7 18. Ng4 Nxg4 19. hxg4 Bg7 20. Qh3 g5 21. a4 Qd7 22. Qf3 c5 23. axb5 axb5 24. Bd2 1/2-1/2

[Event "Berkeley Masters op"]
[Site "Berkeley"]
[Date "2008.12.23"]
[Round "10"]
[White "Kraai, Jesse"]
[Black "Milman, Lev"]
[Result "1-0"]
[WhiteElo "2502"]
[BlackElo "2488"]
[PlyCount "45"]
[EventDate "2008.12.14"]
[EventType "swiss"]
[EventRounds "10"]
[EventCountry "USA"]
[SourceTitle "CBM 127 Extra"]
[Source "ChessBase"]
[SourceDate "2009.01.08"]
[SourceVersion "2"]
[SourceVersionDate "2009.01.28"]
[SourceQuality "1"]

1. Nf3 d5 2. d4 Nf6 3. c4 e6 4. g3 dxc4 5. Bg2 Nc6 6. 0-0 Rb8 7. Nc3 a6 8. e4 Be7 9. Qe2 Nxd4 10. Nxd4 Qxd4 11. Rd1 Qc5 12. Be3 Qa5 13. Bd2 Qc5 14. e5 Nd7 15. Ne4 Qxe5 16. Bc3 Qf5 17. Qxc4 0-0 18. Qxc7 Bd8 19. Qd6 b5 20. Bb4 Bb6 21. Qd2 Rd8 22. Be7 Re8 23. Nd6 1-0

[Event "Berkeley Masters op"]
[Site "Berkeley"]
[Date "2008.12.17"]
[Round "4"]
[White "Milman, Lev"]
[Black "Jahedi, Salar"]
[Result "1-0"]
[WhiteElo "2488"]
[BlackElo "2106"]
[PlyCount "48"]
[EventDate "2008.12.14"]
[EventType "swiss"]
[EventRounds "10"]
[EventCountry "USA"]
[SourceTitle "CBM 127 Extra"]
[Source "ChessBase"]
[SourceDate "2009.01.08"]
[SourceVersion "2"]
[SourceVersionDate "2009.01.28"]
[SourceQuality "1"]

1. e4 e6 2. d4 d5 3. Nd2 dxe4 4. Nxe4 Nd7 5. Nf3 Ngf6 6. Nxf6+ Nxf6 7. Bd3 c5 8. Be3 cxd4 9. Bxd4 Be7 10. Qe2 Bd7 11. 0-0-0 Bc6 12. Kb1 0-0 13. Bxf6 Bxf6 14. Bxh7+ Kxh7 15. Rxd8 Rfxd8 16. h4 Rd7 17. g4 Rad8 18. g5 Bd4 19. h5 Bxf2 20. Rf1 Bg3 21. g6+ Kh8 22. Ng5 Rd2 23. Nxf7+ Kg8 24. Nh6+ Kh8 1-0

[Event "USA tt qf"]
[Site "ICC INT"]
[Date "2008.11.10"]
[Round "1"]
[White "Charbonneau, Pascal"]
[Black "Milman, Lev"]
[Result "0-1"]
[WhiteElo "2499"]
[BlackElo "2488"]
[PlyCount "62"]
[EventDate "2008.11.10"]
[EventType "team-tourn"]
[EventRounds "1"]
[EventCountry "USA"]
[SourceTitle "EXT 2009"]
[Source "ChessBase"]
[SourceDate "2008.11.26"]
[SourceVersion "1"]
[SourceVersionDate "2008.11.26"]
[SourceQuality "1"]

1. e4 c5 2. Nf3 d6 3. d4 cxd4 4. Nxd4 Nf6 5. Nc3 a6 6. Be2 e5 7. Nb3 Be7 8. 0-0 0-0 9. Re1 b6 10. Bg5 Bb7 11. Bxf6 Bxf6 12. Bc4 Qc7 13. Bd5 Nc6 14. a3 Rad8 15. Nc1 Ne7 16. Bb3 Kh8 17. N1a2 a5 18. Re2 Ba6 19. Re1 Bg5 20. Nd5 Nxd5 21. Bxd5 g6 22. Nc3 f5 23. Bb3 Bh6 24. Kh1 fxe4 25. Nxe4 d5 26. Nc3 Rxf2 27. Qg4 Bd2 28. Nxd5 Bxe1 29. Rxe1 Qf7 30. Ne3 Qf4 31. h3 Bb7 0-1